01272nam a22002537a 4500003001700000005001700017008004100034020001800075040000700093041001200100082001700112100003000129245003000159250000600189260002900195300003000224365005800254520044100312650004100753700004000794942001200834999001900846952015300865St Aloysius Coll20250816111739.0250816b |||||||| |||| 00| 0 eng d a9789353503260 cAL aEnglish a658.57bZIKB aWilliam G Zikmund9235909 aBusiness research methods a9 aAustraliabCengagec2013 axxiv,664pbPBc28x21.5cm. 2Generala2646b₹796.00c₹d995.00e20%f8/08/2025 aThis best-selling text continues in its ninth edition to provide the most current and comprehensive coverage of business research. Its student-friendly design contains numerous examples illustrating real-world research in management, marketing, finance, accounting, and other business areas. Business research methods, 9E, is the ideal text for undergraduate and first year MBA courses in marketing, management, or Quantitative studies. 2ManagementaResearch Methods9235910 aCarr, Jon CdGriffin, Mitch9235911 2ddccBK c240353d240353 00102ddc40708MCOMFAaSACPGbSACPGd2025-08-14eBiblios Book Pointg796.00l0o658.57 ZIKBpPG025087r2025-08-16 11:20:16v995.00w0000-00-00yBK